[Event "St Petersburg Korchnoi Memorial op"]
[Site "St Petersburg"]
[Date "2024.08.20"]
[Round "6"]
[White "Mertins, Ostap"]
[Black "Parshikov, Dmitriy"]
[Result "1-0"]
[WhiteElo "1817"]
[BlackElo "1657"]
[PlyCount "133"]
[EventDate "2024.08.17"]
[EventType "swiss"]
[EventRounds "9"]
[EventCountry "RUS"]
[SourceTitle "EXT 2025"]
[Source "ChessBase"]
[SourceDate "2024.10.14"]
[SourceVersion "1"]
[SourceVersionDate "2024.10.14"]
[SourceQuality "1"]

1. e4 e6 2. d4 d5 3. exd5 exd5 4. Bd3 Bd6 5. h3 Ne7 6. Nf3 Bf5 7. 0-0 0-0 8. c3 Nbc6 9. Qc2 Bxd3 10. Qxd3 Qd7 11. Re1 a5 12. Bg5 f6 13. Bh4 Qf5 14. Qe2 Rae8 15. Nbd2 Ng6 16. Qb5 Nce7 17. Qxa5 Nf4 18. Qb5 c6 19. Qf1 Qg6 20. Bg3 Nf5 21. Bxf4 Bxf4 22. Rxe8 Rxe8 23. Re1 Rxe1 24. Qxe1 Qf7 25. a4 b6 26. Qe2 Qe7 27. Qa6 Qc7 28. b4 Kf7 29. a5 b5 30. Qa8 Ne7 31. Nb3 Nc8 32. a6 Ke7 33. Nc5 Bc1 34. Nb7 Bf4 35. Nh4 g6 36. g3 Qb8 37. Qxb8 Bxb8 38. Nf3 Nb6 39. Nd2 Na4 40. Nb1 Kd7 41. Kg2 Kc7 42. Kf3 Kb6 43. Na5 h5 44. Ke3 Bd6 45. a7 Kxa7 46. Nxc6+ Kb6 47. Nd8 Kc7 48. Nf7 Bf8 49. f4 Bg7 50. g4 Kd7 51. g5 f5 52. Kd2 Nb6 53. Na3 Kc6 54. Nd8+ Kd7 55. Nb7 Bf8 56. Kd3 Na4 57. Na5 Bd6 58. Nxb5 Bxf4 59. Na3 Bxg5 60. b5 Be7 61. Nc2 Kc7 62. Ne3 Nb6 63. c4 f4 64. Nxd5+ Nxd5 65. cxd5 Kb6 66. Nc6 Kxb5 67. Nxe7 1-0

[Event "St Petersburg Korchnoi Memorial op"]
[Site "St Petersburg"]
[Date "2024.08.18"]
[Round "4"]
[White "Grigorov, Vladislav"]
[Black "Parshikov, Dmitriy"]
[Result "0-1"]
[WhiteElo "1499"]
[BlackElo "1657"]
[PlyCount "80"]
[EventDate "2024.08.17"]
[EventType "swiss"]
[EventRounds "9"]
[EventCountry "RUS"]
[SourceTitle "CBM 221 Extra"]
[Source "ChessBase"]
[SourceDate "2024.09.30"]
[SourceVersion "1"]
[SourceVersionDate "2024.09.30"]
[SourceQuality "1"]

1. e4 e6 2. d4 d5 3. Nd2 c5 4. Ngf3 Bd7 5. Be2 cxd4 6. Nxd4 Qb6 7. N2f3 Nc6 8. exd5 exd5 9. 0-0 Nf6 10. Nb3 Bc5 11. Nxc5 Qxc5 12. h3 0-0 13. c3 Rfe8 14. Be3 Qd6 15. Qc2 Rac8 16. Rad1 Ne4 17. c4 Ne5 18. Qxe4 dxe4 19. Rxd6 exf3 20. gxf3 Bxh3 21. Rc1 a6 22. b3 Rc6 23. Rcd1 h6 24. Rxc6 Nxc6 25. Bf1 Bxf1 26. Kxf1 Rd8 27. Rxd8+ Nxd8 28. Ke2 f5 29. Kd3 Nc6 30. Kc3 g5 31. f4 g4 32. f3 g3 33. Kd2 h5 34. Ke2 h4 35. Kf1 h3 36. a3 Na5 37. Kg1 Nxb3 38. c5 Kf7 39. Bf2 h2+ 40. Kg2 gxf2 0-1

[Event "Chigorin Memorial 29th"]
[Site "St Petersburg"]
[Date "2022.10.29"]
[Round "8"]
[White "Parshikov, Dmitriy"]
[Black "Chereshkevich, Yuri"]
[Result "1/2-1/2"]
[WhiteElo "1436"]
[BlackElo "1723"]
[PlyCount "106"]
[EventDate "2022.10.22"]
[EventType "swiss"]
[EventRounds "9"]
[EventCountry "RUS"]
[SourceTitle "EXT 2024"]
[Source "ChessBase"]
[SourceDate "2023.10.10"]
[SourceVersion "1"]
[SourceVersionDate "2023.10.10"]
[SourceQuality "1"]

1. e4 c5 2. Nc3 Nc6 3. Bb5 Nd4 4. Bc4 g6 5. Nf3 Bg7 6. Nxd4 cxd4 7. Qf3 e6 8. Nb5 d6 9. Qa3 Ke7 10. c3 dxc3 11. dxc3 a6 12. Nd4 Qc7 13. Bb3 Qc5 14. Qxc5 dxc5 15. Ne2 Nf6 16. f3 Bd7 17. Be3 Rac8 18. c4 b6 19. 0-0-0 Bc6 20. Bf4 Rhd8 21. Rxd8 Kxd8 22. Rd1+ Nd7 23. h4 Ke8 24. Nc3 Bxc3 25. bxc3 e5 26. Be3 Ke7 27. Bc2 Ke6 28. g4 Nf6 29. Bg5 Ne8 30. Rd8 Rc7 31. Rb8 f6 32. Be3 Rb7 33. Ra8 a5 34. Rc8 Bd7 35. Ra8 Nd6 36. Bd3 Kf7 37. Bh6 Nc8 38. Bc2 Rc7 39. Kd2 Bc6 40. Rb8 Ke6 41. Ke3 Bb7 42. Ba4 Nd6 43. Kd3 Rc8 44. Rxc8 Bxc8 45. Bc6 Kf7 46. Be3 Be6 47. Bd5 h5 48. a4 Ke7 49. gxh5 gxh5 50. Bxe6 Kxe6 51. f4 Nf7 52. f5+ Ke7 53. Bd2 Kf8 1/2-1/2

[Event "Chigorin Memorial 29th"]
[Site "St Petersburg"]
[Date "2022.10.26"]
[Round "5"]
[White "Parshikov, Dmitriy"]
[Black "Radzko, Tatsiana"]
[Result "1-0"]
[WhiteElo "1436"]
[BlackElo "1177"]
[PlyCount "49"]
[EventDate "2022.10.22"]
[EventType "swiss"]
[EventRounds "9"]
[EventCountry "RUS"]
[SourceTitle "EXT 2024"]
[Source "ChessBase"]
[SourceDate "2023.10.10"]
[SourceVersion "1"]
[SourceVersionDate "2023.10.10"]
[SourceQuality "1"]

1. e4 e5 2. Nc3 Nf6 3. Bc4 Nc6 4. d3 Be7 5. f4 exf4 6. Bxf4 d6 7. Nf3 Be6 8. Bxe6 fxe6 9. e5 Nd7 10. exd6 cxd6 11. Ne4 e5 12. Bg5 d5 13. Nd6+ Kf8 14. Rf1 Nf6 15. Nf5 Qd7 16. N3h4 Nd4 17. Nxd4 exd4 18. Qe2 Re8 19. 0-0-0 Qa4 20. Kb1 Ba3 21. Qh5 Qb4 22. Bc1 Kg8 23. Rxf6 gxf6 24. Qxe8+ Kg7 25. Nf5# 1-0

[Event "Chigorin Memorial 29th"]
[Site "St Petersburg"]
[Date "2022.10.25"]
[Round "4"]
[White "Rachikhin, Roman"]
[Black "Parshikov, Dmitriy"]
[Result "1-0"]
[WhiteElo "1259"]
[BlackElo "1436"]
[PlyCount "69"]
[EventDate "2022.10.22"]
[EventType "swiss"]
[EventRounds "9"]
[EventCountry "RUS"]
[SourceTitle "EXT 2024"]
[Source "ChessBase"]
[SourceDate "2023.10.10"]
[SourceVersion "1"]
[SourceVersionDate "2023.10.10"]
[SourceQuality "1"]

1. e4 e6 2. d4 d5 3. Nc3 Bb4 4. Nge2 Ne7 5. a3 Ba5 6. g3 dxe4 7. b4 Bb6 8. Nxe4 a5 9. Bb2 Nf5 10. Bg2 axb4 11. axb4 Rxa1 12. Qxa1 Nc6 13. Nc5 Nxb4 14. Qa4+ c6 15. 0-0 Bxc5 16. dxc5 Qd2 17. Nc3 Na6 18. Ne4 Qd8 19. g4 Nh4 20. Bxg7 Nxc5 21. Nf6+ Ke7 22. Qb4 b6 23. Bxh8 Qxh8 24. Qxb6 Kxf6 25. Qxc5 Qd8 26. Qxc6 Qd4 27. Qe4 Qc5 28. Rd1 Ng6 29. Qd4+ Qxd4 30. Rxd4 Ne5 31. c4 Nd7 32. Bb7 Nb6 33. Bxc8 Nxc8 34. c5 Ke7 35. c6 1-0

[Event "Chigorin Memorial 29th"]
[Site "St Petersburg"]
[Date "2022.10.24"]
[Round "3"]
[White "Parshikov, Dmitriy"]
[Black "Yagutian, Mariya"]
[Result "0-1"]
[WhiteElo "1436"]
[BlackElo "1787"]
[PlyCount "84"]
[EventDate "2022.10.22"]
[EventType "swiss"]
[EventRounds "9"]
[EventCountry "RUS"]
[SourceTitle "EXT 2024"]
[Source "ChessBase"]
[SourceDate "2023.10.10"]
[SourceVersion "1"]
[SourceVersionDate "2023.10.10"]
[SourceQuality "1"]

1. e4 e6 2. d4 d5 3. Nd2 Nc6 4. c3 Nf6 5. e5 Nd7 6. f4 Ne7 7. Bd3 c5 8. Ndf3 Ng6 9. Ng5 cxd4 10. cxd4 Bb4+ 11. Kf2 Qb6 12. N1f3 Be7 13. Qc2 Bxg5 14. Nxg5 Ndf8 15. a4 Bd7 16. a5 Qxd4+ 17. Be3 Qb4 18. Rhc1 Nxf4 19. Bf1 N4g6 20. Nf3 Bc6 21. Bc5 Qf4 22. g3 Qf5 23. Bd3 Qh5 24. a6 Nd7 25. axb7 Bxb7 26. Bd6 Ngxe5 27. Nxe5 Qxh2+ 28. Kf1 Qh1+ 29. Ke2 Qg2+ 30. Kd1 Qg1+ 31. Kd2 Qf2+ 32. Kd1 Qg1+ 33. Kd2 Qf2+ 34. Be2 Nxe5 35. Bxe5 0-0 36. Rh1 h6 37. Raf1 Qb6 38. Rf6 Rfc8 39. Qd3 d4 40. Rhxh6 gxh6 41. Rxh6 Qa5+ 42. Qc3 dxc3+ 0-1

[Event "CFriend RL-2005-0-00036 email"]
[Site "Chessfriend.com"]
[Date "2005.06.05"]
[Round "1"]
[White "Feng, Jason"]
[Black "Parshikov, Dmitriy"]
[Result "1/2-1/2"]
[WhiteElo "1432"]
[BlackElo "1083"]
[PlyCount "44"]
[EventDate "2005.06.05"]
[EventType "tourn (corr)"]
[EventRounds "6"]
[SourceTitle "Corr 2008"]
[Source "ChessBase"]
[SourceDate "2008.06.24"]
[SourceVersion "1"]
[SourceVersionDate "2008.06.24"]
[SourceQuality "1"]

1. e4 c5 2. a3 e6 3. Nf3 d5 4. exd5 exd5 5. Nc3 Be6 6. d4 Nf6 7. dxc5 Bxc5 8. Bb5+ Nc6 9. 0-0 0-0 10. Bg5 h6 11. Bh4 g5 12. Bg3 Bf5 13. Re1 a6 14. Bd3 Bxd3 15. Qxd3 Bd6 16. Nd4 Nxd4 17. Qxd4 Rc8 18. Nxd5 Nxd5 19. Bxd6 Qxd6 20. c4 Qb6 21. Qxd5 Qxb2 22. Qd6 Rfe8 1/2-1/2

[Event "IECG RN.2002.0.00017"]
[Site "IECG email"]
[Date "2002.12.05"]
[Round "1"]
[White "Parshikov, Dmitriy"]
[Black "Colard, Eric"]
[Result "1-0"]
[WhiteElo "800"]
[BlackElo "759"]
[PlyCount "35"]
[EventDate "2002.12.05"]
[EventType "tourn (corr)"]
[EventRounds "6"]
[SourceTitle "Corr 2024"]
[Source "ChessBase"]
[SourceDate "2023.10.19"]
[SourceVersion "1"]
[SourceVersionDate "2023.10.19"]
[SourceQuality "1"]

1. d4 Nf6 2. c4 g6 3. Nc3 d5 4. Bf4 Bg7 5. e3 0-0 6. cxd5 Nxd5 7. Nxd5 Qxd5 8. Bxc7 Na6 9. Bg3 b6 10. Nf3 Bb7 11. Be2 Rac8 12. 0-0 Nb8 13. Qa4 Nd7 14. Bb5 Nf6 15. Qxa7 Qxb5 16. Qxb7 e6 17. Bd6 Rfe8 18. Ne5 1-0

[Event "IECG CN.2002.0.00295 email"]
[Site "IECG email"]
[Date "2002.05.21"]
[Round "?"]
[White "Jannink, Hendrikus"]
[Black "Parshikov, Dmitriy"]
[Result "0-1"]
[WhiteElo "800"]
[BlackElo "800"]
[PlyCount "40"]
[EventDate "2002.05.21"]
[EventType "tourn (corr)"]
[EventRounds "6"]
[SourceTitle "Corr 2008"]
[Source "ChessBase"]
[SourceDate "2008.06.24"]
[SourceVersion "1"]
[SourceVersionDate "2008.06.24"]
[SourceQuality "1"]

1. e4 e5 2. Nf3 Nc6 3. Bb5 a6 4. Ba4 Nf6 5. 0-0 Nxe4 6. d4 b5 7. Bb3 d5 8. dxe5 Be6 9. c3 Be7 10. Re1 0-0 11. Nbd2 Nxd2 12. Qxd2 Bc5 13. Bc2 Ne7 14. Ng5 h6 15. Nxe6 fxe6 16. Qd3 Nf5 17. g4 Qh4 18. Qe2 Ng3 19. hxg3 Qxg3+ 20. Kh1 Rxf2 0-1